000
00251nam a22001097a 4500
999
_c
166696
_d
166696
082
_a
_b
100
_a
Manglesh Dabral
245
_a
Phar per laltain/
_c
by Manglesh Dabral.
260
_a
New Delhi:
_b
Radhakrishna,
_c
2009.
650
_a
942
_c
BK